Experimentos en la cocina : la cocción, el asado, el horneado /

Contenido: 1) Del arte de la cocina a la química de los alimentos; 2) Siete variables para los experimentos en la cocina; 3) Tipos y procesos de cocción; 4) Cocer en agua; 5) Cocer en grasa; 6) Cocción en calor seco; 7) Cocer sin calor.

Guardat en:
Dades bibliogràfiques
Autor principal: Schwedt, Georg (autor)
Format: Llibre
Idioma:espanyol
Publicat: Zaragoza, España : Acribia, 2006, c2006
Matèries:
Etiquetes: Afegir etiqueta
Sense etiquetes, Sigues el primer a etiquetar aquest registre!

MARC

LEADER 00000nam^a2200000^a^4500
001 000325674
005 20250521000000.0
009 20260310113744.797
020 |a 978-84-200-1079-3 
020 |a 84-200-1079-0 
037 |a Acervo ITESO - Biblioteca 
041 |a ESP 
082 |a 641. 5  |b SCH 
100 |a Schwedt, Georg  |e (autor) 
245 1 0 |a Experimentos en la cocina :  |b la cocción, el asado, el horneado /  |c G. Schwedt ; tr. por Agustín García Valentín. 
264 4 |a Zaragoza, España :  |b Acribia,  |c 2006, c2006 
300 |a XIII, 188 p. 
336 |a texto  |b txt  |2 rdacontenido 
337 |a sin mediación  |b n  |2 rdamedio 
338 |a volumen  |b nc  |2 rdasoporte 
500 |a Traducción de: Experimente rund ums Kochen, Braten, Backen 
520 |a Contenido: 1) Del arte de la cocina a la química de los alimentos; 2) Siete variables para los experimentos en la cocina; 3) Tipos y procesos de cocción; 4) Cocer en agua; 5) Cocer en grasa; 6) Cocción en calor seco; 7) Cocer sin calor. 
649 |a XX 
650 |a Cocción -  |x Tema Principal 
650 |a Cocina -  |x Técnica -  |x Tema Principal 
650 |a Alimentos y Bebidas -  |x Elaboración 
650 |a Química de Alimentos 
650 |a Tecnología de Alimentos 
910 |a Fondo General 
920 |a Impresos - Libros 
930 |a Colección General 
905 |a 101 
901 |a 0500214266  |b IT1  |c ACC  |i C133806  |u 20250521 
902 |a https://opac.biblio.iteso.mx/vufind/Record/000325674